Sports Quiz

Random Sports or NCAA Quiz
Score 0/58 Timer 10:00
0 Plays Today
Conference Team % Correct
Hockey EastBoston College
96.7%
Central Collegiate Hockey AssociationMichigan
95.1%
Hockey EastBoston University
93.8%
West Coast Hockey AssociationMinnesota
92.2%
Central Collegiate Hockey AssociationMichigan State
90.8%
ECACHLHarvard
88.9%
ECACHLYale
86.9%
West Coast Hockey AssociationWisconsin
86.6%
Hockey EastMaine
85%
West Coast Hockey AssociationNorth Dakota
84%
Hockey EastNew Hampshire
81%
Hockey EastVermont
81%
West Coast Hockey AssociationDenver
81%
Central Collegiate Hockey AssociationOhio State
80.1%
ECACHLCornell
79.4%
ECACHLPrinceton
77.5%
Hockey EastMassachusetts
74.5%
Central Collegiate Hockey AssociationMiami (OH)
72.9%
ECACHLBrown
72.9%
ECACHLDartmouth
72.5%
Central Collegiate Hockey AssociationNotre Dame
70.6%
West Coast Hockey AssociationColorado College
66.7%
Central Collegiate Hockey AssociationAlaska Fairbanks
65.4%
Hockey EastProvidence
64.1%
West Coast Hockey AssociationMinnesota-Duluth
64.1%
Atlantic Hockey AssociationConnecticut
62.7%
Hockey EastNortheastern
61.8%
West Coast Hockey AssociationMichigan Tech
57.5%
Atlantic Hockey AssociationAir Force
56.5%
Conference Team % Correct
Atlantic Hockey AssociationArmy
56.2%
Central Collegiate Hockey AssociationNorthern Michigan
55.2%
West Coast Hockey AssociationAlaska-Anchorage
54.9%
ECACHLRPI
54.6%
CHABemidji State
53.6%
Central Collegiate Hockey AssociationLake Superior
52.9%
CHAAlabama-Huntsville
52.9%
Central Collegiate Hockey AssociationWestern Michigan
51.6%
West Coast Hockey AssociationMinnesota State
51.6%
Hockey EastMassachusetts-Lowell
51.3%
Central Collegiate Hockey AssociationBowling Green
50.3%
Central Collegiate Hockey AssociationNebraska-Omaha
48%
West Coast Hockey AssociationSt. Cloud State
48%
ECACHLColgate
47.7%
ECACHLQuinnipiac
43.8%
Atlantic Hockey AssociationRIT
43.1%
ECACHLUnion
42.5%
Atlantic Hockey AssociationHoly Cross
41.2%
ECACHLClarkson
40.2%
Central Collegiate Hockey AssociationFerris State
39.5%
Hockey EastMerrimack
39.5%
ECACHLSt. Lawrence
38.9%
CHANiagara
35.9%
Atlantic Hockey AssociationCanisius
31.7%
Atlantic Hockey AssociationBentley
30.4%
Atlantic Hockey AssociationSacred Heart
30.4%
CHARobert Morris
29.4%
Atlantic Hockey AssociationMercyhurst
28.4%
Atlantic Hockey AssociationAmerican International
24.8%
Come Together.
Have Fun.
All Virtual.
We all need to come together. Play Sporcle's virtual live trivia to have fun, connect with people, and get your trivia on. Join a live hosted trivia game for your favorite pub trivia experience done virtually. If a virtual private party is more your thing, go here for details.

You're not logged in!

Compare scores with friends on all Sporcle quizzes.
OR
Log In

Sporcle TV

Today on Sporcle TV


Watch our educational content, quiz creation guides, and fun videos on Sporcle TV.

Show Comments

Extras

Top Quizzes Today


Score Distribution

Paid Content

Your Account Isn't Verified!

In order to create a playlist on Sporcle, you need to verify the email address you used during registration. Go to your Sporcle Settings to finish the process.

Report this User

Report this user for behavior that violates our Community Guidelines.

Details: